| 000 | 00674nam a2200217Ia 4500 | ||
|---|---|---|---|
| 001 | 14612 | ||
| 003 | GE_BSU | ||
| 008 | 181216s||||||||xx |||||||||||||| ||und|| | ||
| 040 | _cGE_BSU | ||
| 080 | _a821.353.1-31 | ||
| 100 | _aდადიანი,შალვა | ||
| 245 | _aგვირგვილიანების ოჯახი. | ||
| 245 | _bრომანი | ||
| 260 | _aთბილისი | ||
| 260 | _bსაბჭოთა მწერალი | ||
| 260 | _c1960 | ||
| 300 | _a524გვ.1ფ.პორტრ.20სმ. | ||
| 653 | _aგვირგვილიანების ოჯახი. | ||
| 653 | _aრომანი | ||
| 942 | _cBK | ||
| 999 |
_c47741 _d47741 |
||